| 000 | 00537nam a2200157Ia 4500 | ||
|---|---|---|---|
| 008 | 220204s9999 xx 000 0 und d | ||
| 082 |
_a631.811(540)IIS _bPAT |
||
| 100 | _aPATEL, K P et al. | ||
| 245 | 0 | _aFour decades of research on management of micro-and secondary-nutrients and pollutant elements in crops and soils of Gujarat | |
| 260 |
_aIndian Institute of Soil Science _bBhopal _c2010 |
||
| 650 | _aGujarat | ||
| 650 | _aHeavy metal pollution | ||
| 650 | _aNutrient deficiency | ||
| 650 | _aNutrient interaction | ||
| 942 | _cBK | ||
| 999 |
_c44469 _d44469 |
||